Market-based management (Record no. 396882)

MARC details
000 -LEADER
fixed length control field 00512 a2200205 4500
005 - DATE & TIME
control field 20260312113041.0
008 - FIXED-LENGTH DATA ELEMENTS--GENERAL INFORMATION
fixed length control field 260311b |||||||| |||| 00| 0 eng d
020 ## - ISBN
International Standard Book Number 9789332549678
Price Rs. 735.00
040 ## - CATALOGING SOURCE
Original cataloging agency VIVEKANANDA LIBRARY
082 ## - DDC NUMBER
Classification number 658.4
Book Number B465M(6)
100 ## - MAIN ENTRY--PERSONAL NAME
Personal name Best, Roger
245 ## - TITLE STATEMENT
Title Market-based management
250 ## - EDITION STATEMENT
Edition statement 6th
260 ## - PUBLICATION, DISTRIBUTION, ETC. (IMPRINT)
Name of publisher, distributor, etc Pearson India Education Services
Date of publication, distribution, etc 2025
Place of publication, distribution, etc Noida
300 ## - PHYSICAL DESCRIPTION
Pages 506
650 ## - Subject
Subject Management
650 ## - Subject
Subject Marketing
650 ## - Subject
Subject Marketing Metrics
942 ## - ADDED ENTRY ELEMENTS (KOHA)
Koha item type Books
Holdings
Withdrawn status Lost status Source of classification or shelving scheme Damaged status Not for loan Location (home branch) Sublocation or collection (holding branch) Shelving location Date acquired Koha issues (times borrowed) Koha full call number Accession No. Koha date last seen Koha item type
    Dewey Decimal Classification     VIVEKANANDA LIBRARY VIVEKANANDA LIBRARY IMSAR Library 17/02/2026   658.4 B465M(6) 420858 17/02/2026 Books
    Dewey Decimal Classification     VIVEKANANDA LIBRARY VIVEKANANDA LIBRARY IMSAR Library 17/02/2026   658.4 B465M(6) 420859 17/02/2026 Books
© Designed and Maintained by Vivekananda Library, MDU Rohtak